[Event "?"]
[Site "ICS rated blitz match, 164.58"]
[Date "1997.??.??"]
[Round "?"]
[White "Brause"]
[Black "Valenkov"]
[Result "1-0"]
[WhiteElo "2300"]
[BlackElo "1970"]
[PlyCount "123"]

1. e4 e5 2. Nf3 Nc6 3. Nc3 Nf6 4. Nxe5 Nxe5 5. d4 Nc6 6. d5 Ne5 7. f4 Ng6 8. e5
Ng8 9. d6 Qh4+ 10. g3 Qd8 11. Nb5 cxd6 12. exd6 Qa5+ 13. Bd2 Qb6 14. Nc7+ Kd8
15. Nxa8 Qxd6 16. Bg2 Qb8 17. f5 Qe5+ 18. Qe2 Qxb2 19. O-O Bc5+ 20. Kh1 N6e7
21. Qc4 Qd4 22. Qxf7 Qf6 23. Qxf6 Nxf6 24. Rab1 d5 25. Bf4 b6 26. Nc7 Bxf5 27.
Rbe1 Kc8 28. Na6 Kd7 29. Re2 Nc6 30. Nxc5+ bxc5 31. Bg5 Be6 32. Bxf6 gxf6 33.
Rxf6 Nd4 34. Ref2 Re8 35. Kg1 Kd6 36. Bh3 a5 37. c3 Nb5 38. Re2 Nc7 39. Bf5 d4
40. cxd4 cxd4 41. Rh6 a4 42. Bxh7 Nd5 43. Bf5 Nc7 44. Rf6 Kd5 45. h4 Bd7 46.
Bd3 Be6 47. h5 Rg8 48. Kf2 Bg4 49. Re7 Ne6 50. Bf5 Bxf5 51. Rxf5+ Kd6 52. Ra7
Nc5 53. h6 d3 54. h7 Re8 55. Rf4 Rh8 56. Rd4+ Kc6 57. Re7 Kb5 58. g4 Rf8+ 59.
Ke3 Kc6 60. g5 Rf1 61. h8=Q Re1+ 62. Kf4 1-0

[Event "?"]
[Site "ICS rated blitz match, 164.58"]
[Date "1997.??.??"]
[Round "?"]
[White "Brause"]
[Black "Valenkov"]
[Result "1-0"]
[WhiteElo "2295"]
[BlackElo "1980"]
[PlyCount "79"]

1. e4 e5 2. Nf3 Nc6 3. Nc3 Nf6 4. Nxe5 Nxe5 5. d4 Nc6 6. d5 Ne5 7. f4 Ng6 8. e5
Ng8 9. d6 a6 10. h4 cxd6 11. exd6 Qf6 12. Qe2+ Qe6 13. h5 Bxd6 14. hxg6 Qxe2+
15. Bxe2 fxg6 16. Bd2 Nf6 17. O-O-O O-O 18. Bc4+ Kh8 19. Ne4 Be7 20. Rde1 Ng4
21. g3 Rb8 22. Be2 Nf6 23. Nxf6 Bxf6 24. Bb4 Re8 25. Bxa6 Rxe1+ 26. Rxe1 h5 27.
Re8+ Kh7 28. Bb5 g5 29. Rf8 Bd4 30. fxg5 Be3+ 31. Kb1 d5 32. Be7 Ra8 33. g6+
Kxg6 34. Bd3+ Bf5 35. Bxf5+ Kh6 36. Rxa8 g6 37. Be6 Bf2 38. Bf6 g5 39. Bf7 Bxg3
40. Rh8# 1-0

[Event "?"]
[Site "ICS rated blitz match, 164.58"]
[Date "1997.??.??"]
[Round "?"]
[White "Brause"]
[Black "oldtimer"]
[Result "1-0"]
[WhiteElo "2325"]
[BlackElo "2310"]
[PlyCount "72"]

1. e4 e5 2. Nf3 Nc6 3. Nc3 Nf6 4. Nxe5 Nxe5 5. d4 Ng6 6. e5 Ng8 7. Bc4 d5 8.
Bxd5 c6 9. Bb3 Be6 10. O-O N8e7 11. Bxe6 fxe6 12. Bg5 Qd7 13. Ne4 Nf5 14. c3 h5
15. Qb3 b6 16. Ng3 Nge7 17. Qc2 Kf7 18. Rae1 Re8 19. Ne4 Nc8 20. b3 Be7 21. Bf4
Rhf8 22. Ng3 g6 23. Nxf5 gxf5 24. Rd1 Rh8 25. Qd3 b5 26. Qc2 Reg8 27. Qd2 Nb6
28. Qc1 Qd8 29. Bd2 Bg5 30. f4 Be7 31. Be3 Qd5 32. Rf2 Rg4 33. Rdd2 Rhg8 34.
Qf1 Bd8 35. Rf3 Kg6 36. h3 Rh4 1-0

[Event "?"]
[Site "ICS rated blitz match, 164.58"]
[Date "1997.??.??"]
[Round "?"]
[White "Brause"]
[Black "oldtimer"]
[Result "0-1"]
[WhiteElo "2335"]
[BlackElo "2305"]
[PlyCount "170"]

1. e4 e5 2. Nf3 Nc6 3. Nc3 Nf6 4. Nxe5 Nxe5 5. d4 Ng6 6. e5 Ng8 7. Bc4 d5 8.
Bxd5 c6 9. Bb3 Bb4 10. O-O Bxc3 11. Qf3 Be6 12. Bxe6 fxe6 13. Qxc3 N8e7 14. Qb3
Qd7 15. c3 O-O 16. Qd1 c5 17. Re1 cxd4 18. cxd4 Nc6 19. Be3 Qf7 20. Re2 Nge7
21. Rd2 Nd5 22. Bg5 Qf5 23. Bh4 Rf7 24. Rc1 a6 25. b3 Raf8 26. h3 g5 27. Bg3
Nce7 28. Rdc2 Qg6 29. Qd2 Nc6 30. Qd1 h5 31. Rd2 Nce7 32. Bh2 g4 33. hxg4 Qxg4
34. Qe1 Rg7 35. g3 Rf3 36. Rc4 h4 37. Rcc2 Nf5 38. Rc4 hxg3 39. fxg3 Qh3 40.
Rg2 Nde3 41. Rc8+ Kh7 42. Rcc2 Nxc2 43. Qe4 Rfxg3 44. Bxg3 Rxg3 45. Qxc2 Rxg2+
46. Qxg2 Qxg2+ 47. Kxg2 Nxd4 48. Kg3 Kg6 49. Kg4 b5 50. Kf4 Nc6 51. a3 Kh5 52.
Ke4 Kg4 53. b4 Kg3 54. Ke3 Nxe5 55. Ke4 Nc6 56. Ke3 Kg4 57. Ke4 Kg5 58. Kf3 Kf5
59. Ke3 Ke5 60. Kd3 Kf4 61. Kd2 Ke4 62. Ke2 Nd4+ 63. Kd2 e5 64. Kc3 Ke3 65. a4
e4 66. a5 Nc6 67. Kc2 Ke2 68. Kc1 Nd4 69. Kb2 Kd2 70. Ka2 Kc2 71. Ka3 e3 72.
Ka2 e2 73. Ka3 e1=N 74. Ka2 Nd3 75. Ka3 Ne2 76. Ka2 Nxb4+ 77. Ka1 Nd5 78. Ka2
b4 79. Ka1 Kb3 80. Kb1 Ne3 81. Ka1 Ka3 82. Kb1 b3 83. Ka1 Nd1 84. Kb1 Ndc3+ 85.
Ka1 b2# 0-1

[Event "?"]
[Site "ICS rated blitz match, 164.58"]
[Date "1997.??.??"]
[Round "?"]
[White "Brause"]
[Black "Kyrin"]
[Result "1-0"]
[WhiteElo "2305"]
[BlackElo "1705"]
[PlyCount "33"]

1. e4 e5 2. Nf3 Nf6 3. Nc3 Nc6 4. Nxe5 Nxe5 5. d4 Bb4 6. dxe5 Nxe4 7. Qg4 d5 8.
Qxg7 Rf8 9. Qxh7 Nxc3 10. a3 Qe7 11. axb4 Qxe5+ 12. Be3 d4 13. Qd3 dxe3 14.
bxc3 exf2+ 15. Kxf2 Bf5 16. Qb5+ Bd7 17. Qxe5+ 1-0

[Event "?"]
[Site "ICS rated blitz match, 164.58"]
[Date "1997.??.??"]
[Round "?"]
[White "Brause"]
[Black "Kyrin"]
[Result "1-0"]
[WhiteElo "2305"]
[BlackElo "1705"]
[PlyCount "73"]

1. e4 e5 2. Nf3 Nf6 3. Nc3 Nc6 4. Nxe5 Nxe5 5. d4 Bb4 6. dxe5 Nxe4 7. Qg4 d5 8.
Qxg7 Rf8 9. Qxh7 Nxc3 10. a3 Ba5 11. Bd2 d4 12. f4 Qd5 13. bxc3 dxc3 14. Bc1
Bb6 15. Qd3 Qxd3 16. Bxd3 Rg8 17. Be4 c6 18. a4 Be6 19. a5 Bd4 20. a6 O-O-O 21.
axb7+ Kxb7 22. Rb1+ Kc7 23. Ba3 Bd5 24. Bd6+ Kd7 25. Rb7+ Ke8 26. Bxd5 cxd5 27.
Re7+ Kf8 28. Rxa7+ Kg7 29. Re7 Ra8 30. Ke2 Rgc8 31. e6 Ra2 32. Rxf7+ Kg6 33.
f5+ Kg5 34. Kd3 Bf6 35. h4+ Kxf5 36. Rf1+ Kxe6 37. R1xf6# 1-0

[Event "?"]
[Site "ICS rated blitz match, 164.58"]
[Date "1997.??.??"]
[Round "?"]
[White "Brause"]
[Black "oldtimer"]
[Result "0-1"]
[WhiteElo "2300"]
[BlackElo "2330"]
[PlyCount "182"]

1. e4 e5 2. Nf3 Nc6 3. Nc3 Nf6 4. Nxe5 Nxe5 5. d4 Ng6 6. e5 Ng8 7. Bc4 d5 8.
Bxd5 c6 9. Bb3 Bb4 10. O-O Bxc3 11. Qf3 Be6 12. bxc3 N8e7 13. Bxe6 fxe6 14. Re1
Qd5 15. Re4 Rf8 16. Qd3 b5 17. Bd2 Kf7 18. Bg5 h6 19. Bd2 Kg8 20. Qe3 Qd7 21.
Qe2 Nd5 22. c4 bxc4 23. Qxc4 Ndf4 24. f3 Qd5 25. Qf1 Qb5 26. Qd1 Nd5 27. Qc1
Nde7 28. c4 Qb7 29. Qc2 Kh7 30. Rb1 Qd7 31. Bc3 Rab8 32. Rd1 Rb7 33. Qd3 Qe8
34. Rd2 Qf7 35. a3 Qf5 36. Bb4 Rf7 37. Qc2 h5 38. Bc5 Nf4 39. Rd1 Neg6 40. Kh1
h4 41. Rf1 Kg8 42. Bb4 Nh5 43. Bc5 Nhf4 44. Bb4 Rb8 45. Bd6 Rc8 46. Qa4 Nh5 47.
Qa6 Rd8 48. Qxc6 Ng3+ 49. hxg3 hxg3 50. Kg1 Qh5 51. Rf2 Qh2+ 52. Kf1 Qh1+ 53.
Ke2 gxf2 54. Kxf2 Nf4 55. Rxf4 Rxf4 56. Qc7 Re8 57. Qd7 Qh5 58. Qxa7 Rf7 59.
Qb6 Qh4+ 60. Ke2 Qg5 61. g4 Qd8 62. Qxd8 Rxd8 63. g5 g6 64. Kf2 Ra7 65. Ke3 Kf7
66. Ke4 Ra4 67. Bb4 Rc8 68. c5 Rd8 69. Kd3 Ke8 70. Kc4 Rda8 71. d5 Rxa3 72.
Bxa3 Rxa3 73. dxe6 Rxf3 74. c6 Rf1 75. Kc5 Ke7 76. c7 Rc1+ 77. Kd5 Rc2 78. c8=Q
Rxc8 79. Ke4 Kxe6 80. Kf4 Rd8 81. Ke4 Rd5 82. Kf4 Rxe5 83. Kg4 Rf5 84. Kg3 Ke5
85. Kg2 Ke4 86. Kg3 Ke3 87. Kg2 Rf3 88. Kg1 Rf2 89. Kh1 Kf3 90. Kg1 Kg3 91. Kh1
Rf1# 0-1

[Event "?"]
[Site "ICS rated blitz match, 164.58"]
[Date "1997.??.??"]
[Round "?"]
[White "Brause"]
[Black "noggin"]
[Result "1-0"]
[WhiteElo "2295"]
[BlackElo "1855"]
[PlyCount "59"]

1. e4 e5 2. Nf3 Nc6 3. Nc3 Nf6 4. Nxe5 Nxe5 5. d4 Nc6 6. d5 Nb8 7. e5 Ng8 8. d6
Nc6 9. Nb5 cxd6 10. exd6 Qf6 11. Nc7+ Kd8 12. Nxa8 Bxd6 13. c3 Nge7 14. Qf3 Qg6
15. Bf4 Ne5 16. Bxe5 Bxe5 17. O-O-O d6 18. Rd2 Nc6 19. Bd3 Qe6 20. a3 Bd7 21.
Be4 Kc8 22. Bd5 Qh6 23. Bxc6 bxc6 24. Qxf7 g6 25. Kd1 Rf8 26. Qb3 Bf4 27. Re2
Qg5 28. g3 Bc1 29. Qc4 Bg4 30. Qxc6+ 1-0

[Event "?"]
[Site "ICS rated blitz match, 164.58"]
[Date "1997.??.??"]
[Round "?"]
[White "Brause"]
[Black "AndyMatter"]
[Result "1-0"]
[WhiteElo "2290"]
[BlackElo "1915"]
[PlyCount "56"]

1. e4 e5 2. Nf3 Nc6 3. Nc3 Nf6 4. Nxe5 Nxe5 5. d4 Ng6 6. e5 Ng8 7. Bc4 Bb4 8.
Qf3 Qe7 9. O-O Ba5 10. Nd5 Qf8 11. Bd2 Bb6 12. Bb4 N8e7 13. Qa3 Kd8 14. c3 h6
15. f4 Qe8 16. Nxb6 cxb6 17. f5 Nf8 18. Qb3 d5 19. Bxe7+ Qxe7 20. Bxd5 f6 21.
e6 g6 22. fxg6 Nxg6 23. Rae1 Nf8 24. Rf2 Nh7 25. Bc4 Re8 26. Bb5 Rg8 27. d5 a6
28. d6 Qxd6 1-0

[Event "?"]
[Site "ICS rated blitz match, 164.58"]
[Date "1997.??.??"]
[Round "?"]
[White "Brause"]
[Black "AndyMatter"]
[Result "1-0"]
[WhiteElo "2295"]
[BlackElo "1910"]
[PlyCount "39"]

1. e4 e5 2. Nf3 Nc6 3. Nc3 Nf6 4. Nxe5 Nxe5 5. d4 Nc6 6. d5 Ne5 7. f4 Ng6 8. e5
Ng8 9. d6 cxd6 10. exd6 Qh4+ 11. g3 Qf6 12. Nb5 Kd8 13. Be3 Qxb2 14. Bd4 Qb4+
15. c3 Qa5 16. f5 Ne5 17. Bxe5 a6 18. Qh5 axb5 19. Qxf7 Nh6 20. Bf6+ 1-0

[Event "?"]
[Site "ICS rated blitz match, 164.58"]
[Date "1997.??.??"]
[Round "?"]
[White "Brause"]
[Black "AndyMatter"]
[Result "1-0"]
[WhiteElo "2300"]
[BlackElo "1905"]
[PlyCount "30"]

1. e4 e5 2. Nf3 Nc6 3. Nc3 Nf6 4. Nxe5 Nxe5 5. d4 Ng6 6. e5 Ng8 7. Bc4 d5 8.
Bxd5 c6 9. Bb3 Be6 10. O-O Bb4 11. Bxe6 fxe6 12. Qg4 Kd7 13. d5 Bxc3 14. Qxe6+
Kc7 15. d6+ Kb6 1-0

[Event "?"]
[Site "ICS rated blitz match, 164.58"]
[Date "1997.??.??"]
[Round "?"]
[White "Brause"]
[Black "AndyMatter"]
[Result "1-0"]
[WhiteElo "2275"]
[BlackElo "1930"]
[PlyCount "28"]

1. e4 e5 2. Nf3 Nc6 3. Nc3 Nf6 4. Nxe5 Nxe5 5. d4 Ng6 6. e5 Ng8 7. Bc4 d6 8.
Qf3 Qd7 9. O-O Qf5 10. Qe2 Be6 11. Bxe6 fxe6 12. Qb5+ Kd8 13. Qxb7 Rc8 14. Nb5
Nh6 1-0

[Event "?"]
[Site "ICS rated blitz match, 164.58"]
[Date "1997.??.??"]
[Round "?"]
[White "Brause"]
[Black "oldtimer"]
[Result "0-1"]
[WhiteElo "2265"]
[BlackElo "2335"]
[PlyCount "152"]

1. e4 e5 2. Nf3 Nc6 3. Nc3 Nf6 4. Nxe5 Nxe5 5. d4 Ng6 6. e5 Ng8 7. Bc4 d5 8.
Bxd5 c6 9. Bb3 Bb4 10. O-O Bxc3 11. Qf3 Be6 12. bxc3 N8e7 13. Bxe6 fxe6 14. Re1
Qd5 15. Re4 Rf8 16. Qd3 b5 17. Bd2 Kf7 18. Bg5 h6 19. Bd2 Kg8 20. Qe3 h5 21. a4
a6 22. Qe2 Rf5 23. axb5 cxb5 24. Re1 Qc4 25. Qd1 Raf8 26. f3 a5 27. Qa1 Qc7 28.
Rb1 Rb8 29. Rb2 Nd5 30. Qe1 a4 31. Rb1 Qc8 32. Ra1 Qd8 33. c4 bxc4 34. Rxa4 Qc7
35. Ra3 Qf7 36. Ra1 Rc8 37. c3 Ngf4 38. Qf1 Nd3 39. Ra4 Qg6 40. Kh1 N3f4 41.
Ra1 h4 42. Ra7 Rcf8 43. Ra1 Rg5 44. Qc1 Rgf5 45. Qf1 Rh5 46. Ra7 Rg5 47. Ra1
Qf5 48. Bc1 Rg6 49. Bxf4 Nxf4 50. Qxc4 Nxg2 51. Qf1 Qxf3 52. Qxf3 Rxf3 53. c4
Nf4 54. Ra8+ Kh7 55. Ra1 h3 56. d5 Rg2 57. Rxf4 Rxf4 58. Rg1 Rxg1+ 59. Kxg1
Rxc4 60. dxe6 Re4 61. Kf2 Rxe5 62. Kg3 Rxe6 63. Kxh3 Rg6 64. Kh4 Rg1 65. h3 Kg8
66. Kh5 Kf7 67. Kh4 Kf6 68. Kh5 g6+ 69. Kh4 g5+ 70. Kh5 Rg3 71. h4 Kf5 72. Kh6
gxh4 73. Kh7 h3 74. Kh8 Kf6 75. Kh7 h2 76. Kh6 h1=R# 0-1

[Event "?"]
[Site "ICS rated blitz match, 164.58"]
[Date "1997.??.??"]
[Round "?"]
[White "Brause"]
[Black "oldtimer"]
[Result "0-1"]
[WhiteElo "2250"]
[BlackElo "2360"]
[PlyCount "164"]

1. e4 e5 2. Nf3 Nc6 3. Nc3 Nf6 4. Nxe5 Nxe5 5. d4 Ng6 6. e5 Ng8 7. Bc4 d5 8.
Bxd5 c6 9. Bb3 Bb4 10. O-O Bxc3 11. Qf3 Be6 12. Qxc3 N8e7 13. Bxe6 fxe6 14. Qb3
Qd7 15. c3 O-O 16. Qd1 c5 17. Qg4 cxd4 18. cxd4 Nd5 19. Bd2 Qf7 20. Rae1 Qf5
21. Qd1 Qd3 22. Qg4 Rae8 23. Rd1 Qf5 24. Qg3 Ngf4 25. Bxf4 Nxf4 26. Qf3 Nd5 27.
Qb3 Re7 28. Qa3 a6 29. Rd2 Rc8 30. Qb3 b5 31. Rfd1 Rec7 32. Qa3 Rc6 33. h3 Qf8
34. Qd3 Rc4 35. a3 Qf5 36. Qxf5 exf5 37. g3 Kf7 38. Kf1 Ke6 39. Ke2 a5 40. Rd3
a4 41. Kf3 b4 42. b3 Rc3 43. bxa4 bxa3 44. Rxc3 Rxc3+ 45. Kg2 a2 46. Ra1 Ra3
47. Kg1 Nb4 48. f4 Nc2 49. Rd1 Nxd4 50. Kf2 a1=Q 51. Rxa1 Rxa1 52. Ke3 Kd5 53.
Kd2 Kc4 54. a5 Rxa5 55. Ke1 h5 56. h4 Kd3 57. Kf1 Ke3 58. Kg2 Ra2+ 59. Kh3 Kf3
60. e6 Nxe6 61. g4 Rh2+ 62. Kxh2 Kxg4 63. Kg2 Kxf4 64. Kf2 Nd4 65. Ke1 Ke3 66.
Kf1 Nf3 67. Kg2 Nxh4+ 68. Kf1 Nf3 69. Kg2 g5 70. Kf1 f4 71. Kg2 Ke2 72. Kh1 g4
73. Kg2 Nd2 74. Kg1 Kf3 75. Kh2 Kf2 76. Kh1 Kg3 77. Kg1 f3 78. Kh1 Kh3 79. Kg1
g3 80. Kh1 h4 81. Kg1 f2+ 82. Kh1 g2# 0-1

[Event "?"]
[Site "ICS rated blitz match, 164.58"]
[Date "1997.??.??"]
[Round "?"]
[White "Brause"]
[Black "Kyrin"]
[Result "1-0"]
[WhiteElo "2250"]
[BlackElo "1700"]
[PlyCount "69"]

1. e4 e5 2. Nf3 Nf6 3. Nc3 Nc6 4. Nxe5 Nxe5 5. d4 Bb4 6. dxe5 Nxe4 7. Qg4 d5 8.
Qxg7 Rf8 9. Qxh7 Qe7 10. Bh6 Qxe5 11. O-O-O Nxc3 12. bxc3 Qxc3 13. Bg7 Qa3+ 14.
Kb1 Be6 15. Bxf8 Bxf8 16. Qd3 Qb4+ 17. Qb3 a5 18. c3 Qxb3+ 19. axb3 a4 20. bxa4
c6 21. h4 Rxa4 22. Bd3 Bg7 23. Rc1 d4 24. c4 c5 25. h5 Kf8 26. h6 Bh8 27. Rc2
Ra3 28. Rd1 Bd7 29. Ra2 Rb3+ 30. Ka1 Bf6 31. Ra8+ Ke7 32. h7 Rxd3 33. Rxd3 Bf5
34. Rb3 d3+ 35. Ka2 1-0

[Event "?"]
[Site "ICS rated blitz match, 164.58"]
[Date "1997.??.??"]
[Round "?"]
[White "Brause"]
[Black "TheOnlyOne"]
[Result "1-0"]
[WhiteElo "2255"]
[BlackElo "1915"]
[PlyCount "39"]

1. e4 e5 2. Nf3 Nc6 3. Nc3 Nf6 4. Nxe5 Nxe5 5. d4 Ng6 6. e5 Ng8 7. Bc4 Qh4 8.
g3 Qd8 9. Qf3 f6 10. O-O c6 11. Re1 Qe7 12. Qh5 d6 13. Bd3 f5 14. Bg5 Qf7 15.
exd6+ Kd7 16. Bf4 Bxd6 17. Bxf5+ Kc7 18. Bxc8 Rxc8 19. Bxd6+ Kd7 20. Qg4+ 1-0

[Event "?"]
[Site "ICS rated blitz match, 164.58"]
[Date "1997.??.??"]
[Round "?"]
[White "Brause"]
[Black "music"]
[Result "1-0"]
[WhiteElo "2255"]
[BlackElo "1915"]
[PlyCount "41"]

1. e4 e5 2. Nf3 Nf6 3. Nc3 Nc6 4. Nxe5 Nxe5 5. d4 Ng6 6. e5 Ng8 7. Bc4 d6 8.
Qf3 Be6 9. Qxb7 Rb8 10. Bb5+ Bd7 11. Bxd7+ Kxd7 12. Qxa7 dxe5 13. dxe5 Bb4 14.
O-O Bxc3 15. Rd1+ Ke7 16. Rxd8 Rxd8 17. Bg5+ f6 18. Qxc7+ Rd7 19. Qxc3 fxg5 20.
e6 Rd6 21. Qc7+ 1-0

[Event "?"]
[Site "ICS rated blitz match, 164.58"]
[Date "1997.??.??"]
[Round "?"]
[White "Brause"]
[Black "Lento"]
[Result "1/2-1/2"]
[WhiteElo "2275"]
[BlackElo "2075"]
[PlyCount "96"]

1. e4 e5 2. Nf3 Nc6 3. Nc3 Nf6 4. Nxe5 Nxe5 5. d4 Ng6 6. e5 Ng8 7. Bc4 c5 8.
Qf3 f6 9. Qd5 Qb6 10. Qf7+ Kd8 11. Bd3 N8e7 12. exf6 gxf6 13. dxc5 Qe6+ 14.
Qxe6 dxe6 15. Be3 Bd7 16. O-O-O Kc7 17. Bb5 Bc6 18. Bxc6 Nxc6 19. Nb5+ Kb8 20.
Rd2 Be7 21. Rhd1 Rg8 22. f3 Nge5 23. Nd6 Ng6 24. Nb5 Nce5 25. Nd6 Nh4 26. Bf4
Neg6 27. Ne8+ Kc8 28. Rd7 Bd6 29. c6 Bxf4+ 30. Kb1 Rxe8 31. cxb7+ Kb8 32.
bxa8=Q+ Kxa8 33. g3 Nxf3 34. gxf4 h5 35. Rf7 f5 36. Rdd7 a5 37. Ra7+ Kb8 38.
Rfb7+ Kc8 39. Rg7 Kb8 40. Rab7+ Ka8 41. b4 a4 42. Ra7+ Kb8 43. Rgb7+ Kc8 44.
Rc7+ Kb8 45. Rab7+ Ka8 46. Ra7+ Kb8 47. Rab7+ Ka8 48. Ra7+ Kb8 1/2-1/2

[Event "?"]
[Site "ICS rated blitz match, 164.58"]
[Date "1997.??.??"]
[Round "?"]
[White "Brause"]
[Black "ryckaren"]
[Result "1-0"]
[WhiteElo "2270"]
[BlackElo "1650"]
[PlyCount "39"]

1. e4 e5 2. Nf3 Nc6 3. Nc3 Nf6 4. Nxe5 Nxe5 5. d4 Ng6 6. e5 Ng8 7. Bc4 d5 8.
Bxd5 Bb4 9. Qf3 Be6 10. Bxe6 fxe6 11. Qxb7 Bxc3+ 12. bxc3 N8e7 13. O-O O-O 14.
Bg5 Qd5 15. Qxc7 Rfc8 16. Qd6 Qxd6 17. exd6 Nf5 18. d7 Rxc3 19. d8=Q+ Rxd8 20.
Bxd8 1-0

[Event "?"]
[Site "ICS rated blitz match, 164.58"]
[Date "1997.??.??"]
[Round "?"]
[White "Brause"]
[Black "ryckaren"]
[Result "1-0"]
[WhiteElo "2270"]
[BlackElo "1650"]
[PlyCount "29"]

1. e4 e5 2. Nf3 Nc6 3. Nc3 Nf6 4. Nxe5 Nxe5 5. d4 Nc6 6. d5 Ne5 7. f4 Bb4 8.
fxe5 Nxe4 9. Qd4 Bxc3+ 10. bxc3 Qh4+ 11. g3 Qg4 12. Be2 c5 13. Qe3 Qf5 14. Bd3
Qxe5 15. Qxe4 1-0

[Event "?"]
[Site "ICS rated blitz match, 164.58"]
[Date "1997.??.??"]
[Round "?"]
[White "Brause"]
[Black "ryckaren"]
[Result "1-0"]
[WhiteElo "2270"]
[BlackElo "1650"]
[PlyCount "37"]

1. e4 e5 2. Nf3 Nc6 3. Nc3 Nf6 4. Nxe5 Nxe5 5. d4 Nc6 6. d5 Ne5 7. f4 Ng6 8. e5
Ng8 9. d6 f6 10. Nb5 cxd6 11. exd6 Bxd6 12. Nxd6+ Kf8 13. Bc4 N8e7 14. Nf7 Qa5+
15. Bd2 Qc5 16. Nxh8 Qxc4 17. Nxg6+ Nxg6 18. b3 Nxf4 19. bxc4 1-0

[Event "?"]
[Site "ICS rated blitz match, 164.58"]
[Date "1997.??.??"]
[Round "?"]
[White "Brause"]
[Black "ryckaren"]
[Result "1-0"]
[WhiteElo "2270"]
[BlackElo "1650"]
[PlyCount "26"]

1. e4 e5 2. Nf3 Nc6 3. Nc3 Nf6 4. Nxe5 Nxe5 5. d4 Ng6 6. e5 Ng8 7. Bc4 d6 8.
Qf3 f6 9. e6 N8e7 10. Ne4 f5 11. Ng5 c6 12. Nf7 Qb6 13. Nxd6+ Kd8 1-0

[Event "?"]
[Site "ICS rated blitz match, 164.58"]
[Date "1997.??.??"]
[Round "?"]
[White "Brause"]
[Black "ryckaren"]
[Result "1-0"]
[WhiteElo "2270"]
[BlackElo "1650"]
[PlyCount "28"]

1. e4 e5 2. Nf3 Nc6 3. Nc3 Nf6 4. Nxe5 Nxe5 5. d4 Ng6 6. e5 Qe7 7. f4 d6 8. Be2
Nd7 9. O-O Nb6 10. f5 Nh4 11. f6 gxf6 12. exf6 Qd8 13. Qe1 c6 14. Bg4+ Be6 1-0

[Event "?"]
[Site "ICS rated blitz match, 164.58"]
[Date "1997.??.??"]
[Round "?"]
[White "Brause"]
[Black "ryckaren"]
[Result "1-0"]
[WhiteElo "2270"]
[BlackElo "1650"]
[PlyCount "24"]

1. e4 e5 2. Nf3 Nc6 3. Nc3 Nf6 4. Nxe5 Nxe5 5. d4 Ng6 6. e5 Qe7 7. f4 Kd8 8.
Be2 Ne8 9. f5 Nh4 10. O-O d6 11. Nd5 Qd7 12. Bg5+ Be7 1-0

[Event "?"]
[Site "ICS rated blitz match, 164.58"]
[Date "1997.??.??"]
[Round "?"]
[White "Brause"]
[Black "ryckaren"]
[Result "1-0"]
[WhiteElo "2270"]
[BlackElo "1650"]
[PlyCount "51"]

1. e4 e5 2. Nf3 Nc6 3. Nc3 Nf6 4. Nxe5 Nxe5 5. d4 Ng6 6. e5 Qe7 7. f4 d6 8. Be2
dxe5 9. fxe5 Ng4 10. O-O Qh4 11. h3 Nh6 12. Bxh6 gxh6 13. Nd5 Bxh3 14. Nxc7+
Kd8 15. Nxa8 Bxg2 16. Kxg2 Nf4+ 17. Kf3 Rg8 18. Ke3 Ng2+ 19. Kd3 Rg3+ 20. Rf3
Rg4 21. Kc3 Qe7 22. a3 Nf4 23. Qd2 Nd5+ 24. Kb3 Rg6 25. Qa5+ b6 26. Qxd5+ 1-0

[Event "?"]
[Site "ICS rated blitz match, 164.58"]
[Date "1997.??.??"]
[Round "?"]
[White "Brause"]
[Black "ryckaren"]
[Result "1-0"]
[WhiteElo "2270"]
[BlackElo "1650"]
[PlyCount "41"]

1. e4 e5 2. Nf3 Nc6 3. Nc3 Nf6 4. Nxe5 Nxe5 5. d4 Ng6 6. e5 Qe7 7. f4 d6 8. Be2
dxe5 9. fxe5 Ng4 10. O-O Qh4 11. h3 N4xe5 12. Nb5 Bd6 13. Nxd6+ cxd6 14. dxe5
O-O 15. exd6 Bd7 16. Bf3 Rab8 17. Be3 b6 18. Qd4 Qf6 19. Qxf6 gxf6 20. Bd5 Kg7
21. Bd4 1-0

[Event "?"]
[Site "ICS rated blitz match, 164.58"]
[Date "1997.??.??"]
[Round "?"]
[White "Brause"]
[Black "ryckaren"]
[Result "1-0"]
[WhiteElo "2270"]
[BlackElo "1650"]
[PlyCount "38"]

1. e4 e5 2. Nf3 Nc6 3. Nc3 Nf6 4. Nxe5 Nxe5 5. d4 Ng6 6. e5 Qe7 7. f4 d6 8. Be2
dxe5 9. fxe5 Ng4 10. O-O Qh4 11. h3 Bb4 12. Bxg4 O-O 13. Bxc8 Raxc8 14. Be3
Bxc3 15. bxc3 Qe4 16. Qd3 Qc6 17. d5 Qa4 18. Qd4 Qxc2 19. Rf2 Nxe5 1-0

[Event "?"]
[Site "ICS rated blitz match, 164.58"]
[Date "1997.??.??"]
[Round "?"]
[White "Brause"]
[Black "ryckaren"]
[Result "1-0"]
[WhiteElo "2270"]
[BlackElo "1650"]
[PlyCount "29"]

1. e4 e5 2. Nf3 Nc6 3. Nc3 Nf6 4. Nxe5 Nxe5 5. d4 Ng6 6. e5 Qe7 7. f4 d6 8. Be2
dxe5 9. fxe5 Ng4 10. O-O Nxh2 11. Kxh2 Qh4+ 12. Kg1 c6 13. Qd3 Be6 14. Ne4
O-O-O 15. Bg5 1-0

[Event "?"]
[Site "ICS rated blitz match, 164.58"]
[Date "1997.??.??"]
[Round "?"]
[White "Brause"]
[Black "ryckaren"]
[Result "1-0"]
[WhiteElo "2270"]
[BlackElo "1650"]
[PlyCount "24"]

1. e4 e5 2. Nf3 Nc6 3. Nc3 Nf6 4. Nxe5 Nxe5 5. d4 Ng6 6. e5 Qe7 7. f4 d6 8. Be2
Ng4 9. exd6 cxd6 10. Nd5 Qd8 11. Bxg4 Qh4+ 12. g3 Qxg4 1-0

[Event "?"]
[Site "ICS rated blitz match, 164.58"]
[Date "1997.??.??"]
[Round "?"]
[White "Brause"]
[Black "ryckaren"]
[Result "1-0"]
[WhiteElo "2270"]
[BlackElo "1650"]
[PlyCount "31"]

1. e4 e5 2. Nf3 Nc6 3. Nc3 Nf6 4. Nxe5 Nxe5 5. d4 Ng6 6. e5 Qe7 7. f4 d6 8. Be2
Ng4 9. exd6 Qh4+ 10. g3 Qh3 11. dxc7 Nh4 12. gxh4 Qxh4+ 13. Kd2 Nf2 14. Bb5+
Bd7 15. Re1+ Be7 16. Qf3 1-0

[Event "?"]
[Site "ICS rated blitz match, 164.58"]
[Date "1997.??.??"]
[Round "?"]
[White "Brause"]
[Black "ryckaren"]
[Result "1-0"]
[WhiteElo "2270"]
[BlackElo "1650"]
[PlyCount "56"]

1. e4 e5 2. Nf3 Nc6 3. Nc3 Nf6 4. Nxe5 Nxe5 5. d4 Ng6 6. e5 Qe7 7. f4 d5 8. Bd3
Bg4 9. Bb5+ c6 10. Be2 Bxe2 11. exf6 Bxd1+ 12. fxe7 Bxe7 13. Nxd1 Bd6 14. O-O
O-O-O 15. g3 Rde8 16. Ne3 h5 17. Nf5 Bf8 18. Bd2 Re2 19. Rad1 Ne7 20. Nd6+ Kc7
21. Nxf7 Rh7 22. Rfe1 Rxe1+ 23. Rxe1 Nf5 24. Ng5 Rh6 25. c3 Kd7 26. Kf1 h4 27.
g4 Nd6 28. f5 h3 1-0

[Event "?"]
[Site "ICS rated blitz match, 164.58"]
[Date "1997.??.??"]
[Round "?"]
[White "Brause"]
[Black "ryckaren"]
[Result "1-0"]
[WhiteElo "2270"]
[BlackElo "1650"]
[PlyCount "61"]

1. e4 e5 2. Nf3 Nc6 3. Nc3 Nf6 4. Nxe5 Nxe5 5. d4 Ng6 6. e5 Qe7 7. f4 d6 8. Be2
dxe5 9. fxe5 Ng4 10. O-O Qh4 11. h3 N4xe5 12. Nb5 Bd6 13. Nxd6+ cxd6 14. dxe5
Nxe5 15. Qxd6 Qe7 16. Qxe7+ Kxe7 17. Bd2 Nc6 18. Bc3 Rg8 19. Bd3 f6 20. Rfe1+
Kd6 21. Bxh7 Rh8 22. Be4 Bxh3 23. gxh3 Rxh3 24. Rad1+ Kc7 25. Bxc6 bxc6 26.
Re7+ Kb6 27. Rdd7 Rah8 28. Bd4+ c5 29. Rd6+ Kb5 30. Rb7+ Kc4 31. b3+ 1-0

[Event "?"]
[Site "ICS rated blitz match, 164.58"]
[Date "1997.??.??"]
[Round "?"]
[White "Brause"]
[Black "ryckaren"]
[Result "1-0"]
[WhiteElo "2270"]
[BlackElo "1650"]
[PlyCount "24"]

1. e4 e5 2. Nf3 Nc6 3. Nc3 Nf6 4. Nxe5 Nxe5 5. d4 Neg4 6. e5 Nxf2 7. Kxf2 Ng8
8. Bf4 d6 9. Qh5 dxe5 10. Qxe5+ Qe7 11. Nd5 Qxe5 12. Bxe5 Kd8 1-0

[Event "?"]
[Site "ICS rated blitz match, 164.58"]
[Date "1997.??.??"]
[Round "?"]
[White "Brause"]
[Black "ryckaren"]
[Result "1-0"]
[WhiteElo "2270"]
[BlackElo "1650"]
[PlyCount "45"]

1. e4 e5 2. Nf3 Nc6 3. Nc3 Nf6 4. Nxe5 Nxe5 5. d4 Ng6 6. e5 Qe7 7. f4 d6 8. Be2
dxe5 9. fxe5 Ng4 10. O-O Qh4 11. h3 Nh6 12. Bxh6 Qxh6 13. Nb5 Kd8 14. Rxf7 Bd7
15. Bc4 Bxb5 16. Bxb5 c6 17. Qf3 Be7 18. Bd3 Nh4 19. Qf2 Ke8 20. e6 Rf8 21.
Rxf8+ Bxf8 22. Qf7+ Kd8 23. Qd7# 1-0

[Event "?"]
[Site "ICS rated blitz match, 164.58"]
[Date "1997.??.??"]
[Round "?"]
[White "Brause"]
[Black "ryckaren"]
[Result "1-0"]
[WhiteElo "2270"]
[BlackElo "1650"]
[PlyCount "41"]

1. e4 e5 2. Nf3 Nc6 3. Nc3 Nf6 4. Nxe5 Nxe5 5. d4 Ng6 6. e5 Qe7 7. f4 d6 8. Be2
dxe5 9. fxe5 Ng4 10. O-O h5 11. h3 Nh6 12. Bxh5 c6 13. Ne4 Qd8 14. Ng5 Nf5 15.
e6 Qxd4+ 16. Qxd4 Nxd4 17. exf7+ Kd8 18. Bxg6 Ne2+ 19. Kf2 Nxc1 20. Raxc1 Bc5+
21. Ke2 1-0